Curso de química: Tomo I
Saved in:
| Main Author: | |
|---|---|
| Other Authors: | |
| Format: | Book |
| Language: | Spanish |
| Published: |
Santiago
Librería Nascimiento
1921
|
| Textbook Catalogue: | MANES: Library Catalog Search Result |
| Textbook Classification: |
|
| Tags: |
Add Tag
No Tags, Be the first to tag this record!
|
| Added to: | 2022-08-11 |
| Changed in: | 2025-04-25 |
MARC
| LEADER | 00000nam a22000007a 4500 | ||
|---|---|---|---|
| 005 | 20250425101535.0 | ||
| 008 | 220812b |||||||| |||| 00| 0 spa d | ||
| 040 | |a MGM | ||
| 100 | |9 42684 |a Berendique, Diego |e autor | ||
| 245 | |a Curso de química: Tomo I | ||
| 260 | |a Santiago |b Librería Nascimiento |c 1921 | ||
| 300 | |a 138 p. |c 13,5 x 19 cm. | ||
| 521 | |a IV año de humanidades | ||
| 546 | |a Chile | ||
| 561 | |5 cl-MGM |3 T 540 B488c 1921 4°H |a Chile. Museo Gabriela Mistral |k MANES | ||
| 690 | |a FQ | ||
| 691 | |a SE | ||
| 700 | |9 42686 |a Aguirre Melo, E. | ||
| 942 | |2 ddc |c BK | ||
| 999 | |c 99790 |d 99790 | ||
| 999 | |c manes:99790 |d 99790 | ||